Bilecik Bilecik Bilecik Bilecik Bilecik

Temel ekoloji bilgisi ve çevre sorunları/ (Record no. 36717)

MARC details
000 -BAŞLIK
Sabit Uzunluktaki Kontrol Alanı 01201nam a22003857a 4500
001 - KONTROL NUMARASI
Control Dosyası 0036831
003 - KONTROL NUMARASI KİMLİĞİ
Kontrol Alanı KOHA_MİRAKIL
005 - EN SON İŞLEM TARİHİ ve ZAMANI
Kontrol Alanı 20260207003018.0
007 - FİZİKSEL TANIM SABİT ALAN - GENEL BİLGİ
Sabit uzunluklu kontrol alanı ta
008 - SABİT UZUNLUKTAKİ VERİ ÖGELERİ - GENEL BİLGİ
Sabit Alan 120430b1997 tu |||gr||||#||||0|tur |
020 ## - ISBN - ULUSLARARASI STANDART KİTAP NUMARASI
Isbn 975752784X
040 ## - KATALOGLAMA KAYNAĞI
Özgün Kataloglama Kurumu TR-BiSEU
Kataloglama Dili tur
Çeviri Kurumu TR-BiSEU
Açıklama Kuralları rda
041 0# - DİL KODU
Metin ya da ses kaydının dil kodu tur
044 ## - YAYINLAYAN/ÜRETEN KURULUŞUN ÜLKE KODU
ISO country code tu
050 ## - SINIFLAMA ve YER NUMARASI
Sınıflama Numarası QH541
Yer Numarası .O93 1997
100 1# - KİŞİ ADI
Yazar Adı (Kişi adı) Özdemir, Şevket.
245 1# - ESER ADI BİLDİRİMİ
Başlık Temel ekoloji bilgisi ve çevre sorunları/
Sorumluluk Bildirimi Şevket Özdemir ; Şevket Özdemir.
264 #1 - ÜRERİM, YAYIN, DAĞITIM ve TELİF BİLDİRİMİ
Yayın yeri Ankara :
Yayınlayan Hatiboğlu Yayınları
Yayın tarihi 1997
300 ## - FİZİKSEL TANIMLAMA
Sayfa, Cilt vb. 235 s. ;
Boyutları 24 cm.
336 ## - İÇERİK TÜRÜ
Content type term metin
Content type code txt
Source rdacontent
337 ## - MEDYA TÜRÜ
Media type term aracısız
Media type code n
Source rdamedia
338 ## - TAŞIYICI TÜRÜ
Carrier type term cilt
Carrier type code nc
Source rdacarrier
490 1# - DİZİ BİLDİRİMİ
Dizi Bildirimi Hatiboğlu Yayınları ;
Cilt Numarası 105.
490 1# - DİZİ BİLDİRİMİ
Dizi Bildirimi Yükseköğretim dizisi ;
Cilt Numarası 32.
500 ## - GENEL NOT
Genel Not Kaynakça var.
650 #0 - KONU BAŞLIĞI EK GİRİŞ - KONU TERİMİ
Konusal terim veya coğrafi ad Ecology.
9 (RLIN) 18721
650 #0 - KONU BAŞLIĞI EK GİRİŞ - KONU TERİMİ
Konusal terim veya coğrafi ad Environmental protection.
9 (RLIN) 29574
650 #0 - KONU BAŞLIĞI EK GİRİŞ - KONU TERİMİ
Konusal terim veya coğrafi ad Pollution--Environmental aspect.
9 (RLIN) 53529
650 #0 - KONU BAŞLIĞI EK GİRİŞ - KONU TERİMİ
Konusal terim veya coğrafi ad Ekoloji.
9 (RLIN) 6770
650 #0 - KONU BAŞLIĞI EK GİRİŞ - KONU TERİMİ
Konusal terim veya coğrafi ad Çevre koruma.
9 (RLIN) 10870
650 #0 - KONU BAŞLIĞI EK GİRİŞ - KONU TERİMİ
Konusal terim veya coğrafi ad Kirlenme--Çevresel açıdan.
9 (RLIN) 69577
830 1# - SERİ EK GİRİŞİ - TEKBİÇİM ESER ADI
Tekbiçim Başlık Hatiboğlu Yayınları ;
Volume number/sequential designation 105.
9 (RLIN) 7057
830 1# - SERİ EK GİRİŞİ - TEKBİÇİM ESER ADI
Tekbiçim Başlık Yükseköğretim dizisi ;
Volume number/sequential designation 32.
9 (RLIN) 5557
942 ## - EK GİRİŞ ÖGELERİ (KOHA)
Source of classification or shelving scheme Library of Congress Classification
Koha item type Book
Holdings
Materyal Türü Kalıcı Konum Mevcut Konum Raf Yeri Sınıflandırma Kaynağı Edinim Bilgisi Ana Konular Alt Konular Yer Numarası Demirbaş Numarası Fatura Tarihi Maliyet, Alış Fiyatı Maliyet, Yenileme Fiyatı Geri Çekilme Durumu Kayıp Durumu Hasarlı Durumu Kredi için değil Kayıt Tarih Toplam Ödünçverme Son Görülme Tarihi Son Kontrol Tarihi
Book Prof. Dr. Azmi Özcan Kütüphanesi Prof. Dr. Azmi Özcan Kütüphanesi Birûni Salonu Library of Congress Classification Satın BİLİM Doğa Tarihi - Biyoloji QH541 .O93 1997 0036831 23/07/2012 5.15 5.15         30/04/2012 3 05/12/2024 05/12/2024